000 01438 a2200229 4500
001 24065
005 20260407155526.0
008 260407a2013 arg spa d
003 AR-UNSa-BCEJYS
040 _aAR-UNSa-BCEJYS
_bspa
_cAR-UNSa-BCEJYS
080 _a347.159
_xDerecho de la Personas Mayores
245 1 0 _aAdultos mayores
_pciudadanos y actores sociales
020 _a978-987-03-2512-3
264 1 _aBuenos Aires :
_bUniversidad de Buenos Aires. Facultad de Derecho. Departamento de Publicaciones
_c2013
300 _axvi, 182 p.
_c24 cm.
505 _a1. Adultos mayores: ciudadanos y actores sociales - 2. Es menester crear un derecho de la ancianidad - 3. Los adultos mayores y la salud - 4. Otros pronunciamientos judiciales relacionados con adultos mayores - 5. Los malos tratos a las personas mayores - 6. Mediación como herramienta de protección de los derechos de los adultos mayores - 7. La felicidad a lo largo del ciclo vital - 8. Cuidar el físico y no el cerebro en un absurdo - 9. Los que llegan a "los ochenta" y más... - 10. Necesidad de ayuda - 11. La mirada social - 12. El derecho de las personas mayores: visión internacional
942 _cBK
590 _aniveau_biblio:m niveau_hierar:0
100 1 _aCiancia, Olga Edda
700 1 _aVallet, Hilda Eleonora
856 4 1 _uhttps://biblioeco.unsa.edu.ar/pmb/images/libros/Adultos Mayores Ciudadanos y actores sociales.jpg
_yImagen de portada
_qimage/jpeg
999 _c1157
_d1157